1389 1486 1913 1421 1297 1448 1464 1741 1935 1252 1105 1380 1131 1349 1916 1338 1009 1222 1418 1072 1761 1632 1073 1243 1946 1677 1717 1845 1125 1502 1124 1345 1664 1056 1211 1798 1650 1197 1802 1730 1935 1799 1463 1500 1837 1629 1843 1095 1542 1589 1281 1726 1816 1653 1362 1366 1790 1950 1808 1841 1452 1605 1444 1803 1853 1739 1778 1064 1387 1212 1100 1046 1743 1142 1446 1194 1452 1194 1500 1882 1388 1487 1084 1760 1268 1221 1550 1258 1264 1844 1383 1608 1838 1730 1799 1691 1231 1352 1728 BCNSPRNW ULIB Ver.6.0+V

เปลี่ยนเป็นภาษาไทย

Change to English
 แสดงรายละเอียดบรรณานุกรม
  กลับหน้าหลัก

Brief Record : Get Marc (ISO 2709) : E-mail record : QR code < ปิดหน้าต่าง
LEADER : 00000nam 2200000uu 4500
001    13399111770
003     ULIB
008    110627s2553||||th 000 0 tha d
020    9786165000437
090    นว.^bป964ป 2553
100 0  ไปรยา
245 00 ปีกมงกุฎ/^cไปรยา
250    พิมพ์ครั้งที่ 1
260    กรุงเทพฯ :^bพิมพ์คำ,^c2553
300    360 หน้า
945    ^p240^l0^i028086
995    ทศพร
999 ^a ใช้งานได้ทุกระบบ
รายการนี้ยังไม่มีแท็ก
คุณยังไม่ได้ล็อกอิน คุณสามารถมีกิจกรรมร่วมกับเว็บไซต์ได้ แต่ต้องล็อกอินก่อน ::
  ล็อกอิน

รายการสื่อสารสนเทศ

ลำดับที่ ประเภท เลขเรียก/บาร์โค้ด สถานที่ สถานะ
- ไม่พบข้อมูล -

BibComment


ยังไม่เคยถูกคอมเมนท์

คอมเมนท์ทรัพยากรรายการนี้
  คอมเมนท์: ปีกมงกุฎ ไปรยา


 Copyright 2026. Bcnsprnw @Library